| 000 | 00854nam a22002297a 4500 | ||
|---|---|---|---|
| 001 | 44835 | ||
| 003 | BD-RjUL | ||
| 005 | 20211209053927.0 | ||
| 008 | 160720s1975 bg ||||| |||| 00| 0 ben d | ||
| 020 | _c: TK 13.00 | ||
| 035 | _a(BD-RjUL)44953 | ||
| 040 |
_aBD-RjUL _bben _cBD-RjUL |
||
| 041 | _aben | ||
| 082 |
_223 _a182 _bHAG 1975 |
||
| 100 |
_aহালিম, মোহাম্মদ আবদুল _9124755 |
||
| 245 | 1 | 0 |
_aগ্রীক দর্শন : প্রজ্ঞা ও প্রসার / _cমোহাম্মদ আবদুল হালিম |
| 260 |
_aঢাকা : _bবাংলা একাডেমী, _c১৯৭৫ |
||
| 300 |
_a[১২], ২১৬ পৃ. ; _c২১ সেমি. |
||
| 650 |
_aগ্রীক দর্শন _9137408 |
||
| 650 |
_aPhilosophy of Greek _9137409 |
||
| 942 |
_2ddc _cBK |
||
| 999 |
_c44835 _d44835 |
||